Pyrolýza uhľovodíkov VIII Správanie sa cyklohexánov pri náraze elektrónov v hmotnostnom spektrometri a pri pyrolýze

Bibliographic Details
Main Authors: Veselý, Václav, 1911-1997 (Author), Bajus, Martin, 1943- (Author), Leško, Ján (Author), Mikulec, Jozef (Author)
Format: Article
Language:Slovak
PhysicalDescription:Tb. 5.
Subjects:

MARC

LEADER 00000nab a2200000 a 4500
001 vtls000049121
003 SK-MaSNL
005 20260304063649.0
008 250422c1979 xo 0 slo
015 |a SNBRB19rr/mm-uuuuu 
035 |a CL0059217 
035 |a urn:nbn:sk:snk-abaobp 
035 |a (urnnbn)urn:nbn:sk:snk:ar-a0a357 
035 |a (uuid)ace8bf7a-2e18-4460-8ab0-d7b9fd3ca9b8 
040 |a SNKBUCL  |b slo  |c SNKBUCL  |e AACR2 
041 0 |a slo 
044 |a xo  |c SK 
080 |a 66.0  |2 1981 
245 0 0 |a Pyrolýza uhľovodíkov  |n VIII  |p Správanie sa cyklohexánov pri náraze elektrónov v hmotnostnom spektrometri a pri pyrolýze  |c Václav Veselý ... [et al.] 
300 |b Tb. 5. 
650 0 7 |a uhľovodíky  |2 snkbucl  |9 4317 
650 0 7 |a pyrolýza  |2 snkbucl  |9 18535 
650 0 7 |a cyklohexány  |2 snkbucl  |9 478376 
655 7 |a články z novín a časopisov  |2 snkbucl  |9 267496 
700 1 |a Veselý, Václav,  |d 1911-1997  |4 aut  |9 37333 
700 1 |a Bajus, Martin,  |d 1943-  |4 aut  |9 105071 
700 1 |a Leško, Ján  |4 aut  |9 275513 
700 1 |a Mikulec, Jozef  |4 aut  |9 268576 
773 0 |t Ropa a uhlie  |g Roč. 21, č. 12 (1979), s. 661-668 
850 |a Slovenská národná knižnica 
852 |a Slovenská národná knižnica 
954 |a odborná, vedecká literatúra pôvodná (slovenská)  |2 lita 
958 |a article14 
958 |a RK 
958 |a OND 
958 |a EUIPO 
992 |a RBX 
999 |c 2743613  |d 2745543